| 000 | 01213cad a2200277 4500 | ||
|---|---|---|---|
| 001 | L158797 | ||
| 008 | 100215n2013 000 0 eng u | ||
| 020 | _a9781783210305 | ||
| 035 | _a(Sirsi) u158797 | ||
| 041 | _aeng | ||
| 100 | 1 | _aBrewer, Graham | |
| 111 | 2 |
_aConstruction and Building Research Conference _cIIT Delhi, New Delhi _d10-12 September 2013 |
|
| 245 | 0 | 0 |
_aExploitation, exploration and innovation in small-medium sized enterprises _h[electronic resource] |
| 260 |
_aLondon _bRICS _c2013 |
||
| 490 | 0 |
_aCOBRA _v2013 |
|
| 520 | _aA paper presented at the COBRA Conference in New Delhi on 10-12 September 2013. Looks at Small to Medium Sized Enterprises (SMEs) and their ability to innovate. SME needs to engage in two contradictory activities to become innovative: exploitation of existing resources and ability to maximise profits, and; exploration of new resources and development of new capabilities. | ||
| 650 | 2 | 4 | _aCONSTRUCTION AND BUILDING RESEARCH CONFERENCE (COBRA) |
| 650 | 2 | 4 |
_aBIM _96219 |
| 650 | 2 | 4 | _aICT |
| 650 | 2 | 4 | _aSMES |
| 651 | 4 |
_aUnited Kingdom _y |
|
| 690 | _aBusiness and management | ||
| 700 | 1 | _aGajendran, Thayaparan | |
| 700 | 1 | _aDainty, Andrew | |
| 942 | _n0 | ||
| 999 |
_c115508 _d115508 |
||